| 000 | 00321nam a22001097a 4500 | ||
|---|---|---|---|
| 008 | 230606b xxu||||| |||| 00| 0 eng d | ||
| 082 |
_a338.9 _bKEN |
||
| 245 |
_aQuarterly Economic and Budgetary Review _bFourth Quarter 2006/2007 |
||
| 260 |
_aNairobi,Kenya _bMinistry of Finance _cAugust,2007 |
||
| 300 | _a32p | ||
| 942 |
_2ddc _cBK |
||
| 999 |
_c617 _d617 |
||